|
|
|
|
| LEADER |
00000nam2a2200000 4500 |
| 001 |
322798 |
| 005 |
20231102003516.0 |
| 035 |
|
|
|a (RuTPU)RU\TPU\book\348356
|
| 035 |
|
|
|a RU\TPU\book\268323
|
| 035 |
|
|
|a RU\TPU\book\348061
|
| 090 |
|
|
|a 322798
|
| 100 |
|
|
|a 20131211d1953 k y0rusy50 ca
|
| 101 |
0 |
|
|a rus
|
| 102 |
|
|
|a RU
|
| 105 |
|
|
|a a z 001zy
|
| 200 |
0 |
|
|a № 163 : Химия
|e [сборник статей]
|f Ленинградский государственный университет (ЛГУ), Химический институт ; отв. ред. Н. А. Домнин
|
| 210 |
|
|
|d 1953
|
| 215 |
|
|
|a 223 с.
|c ил.
|
| 225 |
1 |
|
|a Серия химических наук
|v Вып. 12
|
| 320 |
|
|
|a Библиогр. в конце ст.
|
| 461 |
|
1 |
|0 (RuTPU)RU\TPU\book\347780
|t Ученые записки [Ленинградского государственного университета]
|o сборник статей
|f Ленинградский государственный университет (ЛГУ)
|v № 163 : Химия
|d 1937-
|
| 606 |
1 |
|
|a Химия
|2 stltpush
|3 (RuTPU)RU\TPU\subj\17362
|9 43035
|
| 610 |
1 |
|
|a галогены
|
| 610 |
1 |
|
|a фазовый анализ
|
| 610 |
1 |
|
|a измерения
|
| 610 |
1 |
|
|a методы
|
| 610 |
1 |
|
|a весовой метод
|
| 610 |
1 |
|
|a упругость
|
| 610 |
1 |
|
|a альгиновая кислота
|
| 610 |
1 |
|
|a синтетические смолы
|
| 675 |
|
|
|a 54
|v 3
|
| 702 |
|
1 |
|a Домнин
|b Н. А.
|4 340
|
| 712 |
0 |
2 |
|a Ленинградский государственный университет (ЛГУ)
|b Химический институт
|c (1924-1991)
|2 stltpush
|3 (RuTPU)RU\TPU\col\77
|
| 801 |
|
1 |
|a RU
|b 63413507
|c 20161004
|
| 801 |
|
2 |
|a RU
|b 63413507
|c 20190121
|g RCR
|
| 942 |
|
|
|c BK
|